Подробности
| 000 -МАРКЕР |
| контрольное поле |
01776nam0a2200337 4500 |
| 001 - ИДЕНТИФИКАТОР ЗАПИСИ |
| контрольное поле |
RU\NLR\bibl\1710406 |
| 005 - ИДЕНТИФИКАТОР ВЕРСИИ |
| контрольное поле |
20260406131502.0 |
| 010 ## - МЕЖДУНАРОДНЫЙ СТАНДАРТНЫЙ НОМЕР КНИГИ (ISBN) |
| Номер (ISBN) |
978-5-93634-044-4 |
| Тираж |
499 |
| 021 ## - НОМЕР ГОСУДАРСТВЕННОЙ РЕГИСТРАЦИИ |
| Код страны |
Российская Федерация |
| Номер |
2010-87695 |
| Номер Листа государственной регистраци |
5882 |
| 035 ## - ДРУГИЕ СИСТЕМНЫЕ НОМЕРА |
| Идентификатор записи |
(NLR Aleph) 001701440 |
| 100 ## - ДАННЫЕ ОБЩЕЙ ОБРАБОТКИ |
| Данные общей обработки |
20101208d2010 |||y0rusy50 ca |
| 101 0# - ЯЗЫК РЕСУРСА |
| Язык текста, звукозаписи и т.д. |
русский |
| 102 ## - СТРАНА ПУБЛИКАЦИИ ИЛИ ПРОИЗВОДСТВА |
| Страна публикации |
Российская Федерация |
| 105 ## - ПОЛЕ КОДИРОВАННЫХ ДАННЫХ: ТЕКСТОВЫЕ МАТЕРИАЛЫ, МОНОГРАФИЧЕСКИЕ |
| Кодированные данные о монографическом текстовом документе |
a ||||||||| |
| 200 1# - ЗАГЛАВИЕ И СВЕДЕНИЯ ОБ ОТВЕТСТВЕННОСТИ |
| Основное заглавие |
Борис Павлович Константинов |
| Сведения, относящиеся к заглавию |
(к 100-летию со дня рождения) |
| -- |
[сборник материалов] |
| Первые сведения об ответственности |
Рос. акад. наук, Физ.-техн. ин-т им. А.Ф. Иоффе |
| Последующие сведения об ответственности |
[сост.: д.ф.-м.н. М.П. Петров, Е.А. Ефремова |
| -- |
отв. ред.: В.Г. Григорьянц] |
| 210 ## - ПУБЛИКАЦИЯ, РАСПРОСТРАНЕНИЕ И ДР. |
| Место издания, распространения и т.д. |
Санкт-Петербург |
| Имя издателя, распространителя и т. д. |
Физико-технический институт |
| Дата издания, распространения и т.д. |
2010 |
| 215 ## - ФИЗИЧЕСКАЯ ХАРАКТЕРИСТИКА |
| Специфическое обозначение материала и объем |
124 с. |
| Другие сведения о физической характеристике |
ил., портр. |
| Размеры |
20 |
| 225 1# - СЕРИЯ |
| Основное заглавие серии |
Из истории ФТИ им. А.Ф. Иоффе |
| Обозначение тома |
вып. 4. |
| 320 ## - ПРИМЕЧАНИЯ О НАЛИЧИИ В ДОКУМЕНТЕ БИБЛИОГРАФИИ / УКАЗАТЕЛЯ |
| Текст примечания |
Библиогр. в подстроч. примеч. |
| 600 #1 - ИМЯ ЛИЦА КАК ПРЕДМЕТ |
| Начальный элемент ввода |
Константинов |
| Часть имени, кроме начального элемента ввода |
Б.П. |
| Даты |
1910 - 1969 |
| Расширение инициалов личного имени |
Борис Павлович |
| Системный номер авторитетной/нормативной записи |
1427995 |
| Идентификатор авторитетной/нормативной записи |
RU\NLR\auth\66603301 |
| 686 ## - ИНДЕКСЫ ДРУГИХ КЛАССИФИКАЦИЙ |
| Индекс |
В3д(2)Константинов |
| 702 #1 - ИМЯ ЛИЦА - ВТОРИЧНАЯ ОТВЕТСТВЕННОСТЬ |
| Код отношения |
Составитель |
| Материалы, к которым относится поле |
rus |
| Графика поля |
Кириллица |
| Начальный элемент ввода |
Петров |
| Часть имени, кроме начального элемента ввода |
М. П. |
| Дополнения к именам, кроме дат |
д-р физ.-мат. наук |
| Расширение инициалов личного имени |
Михаил Петрович |
| Идентификатор авторитетной/нормативной записи |
RU\NLR\auth\77108659 |
| Системный номер авторитетной/нормативной записи |
91584 |
| 702 #1 - ИМЯ ЛИЦА - ВТОРИЧНАЯ ОТВЕТСТВЕННОСТЬ |
| Начальный элемент ввода |
Григорьянц |
| Часть имени, кроме начального элемента ввода |
В. Г. |
| Код отношения |
Редактор |
| 702 #1 - ИМЯ ЛИЦА - ВТОРИЧНАЯ ОТВЕТСТВЕННОСТЬ |
| Начальный элемент ввода |
Константинов |
| Часть имени, кроме начального элемента ввода |
Б. П. |
| Дополнения к именам, кроме дат |
1910-1969 |
| Расширение инициалов личного имени |
Борис Павлович |
| Код отношения |
Прочие |
| 712 02 - НАИМЕНОВАНИЕ ОРГАНИЗАЦИИ - ВТОРИЧНАЯ ОТВЕТСТВЕННОСТЬ |
| Код отношения |
Прочие |
| Начальный элемент ввода |
Физико-технический институт им. А. Ф. Иоффе |
| Идентифицирующий признак |
Санкт-Петербург |
| Идентификатор авторитетной/нормативной записи |
RU\NLR\AUTH\8822057 |
| Системный номер авторитетной/нормативной записи |
318325 |
| 801 #0 - ИСТОЧНИК ЗАПИСИ |
| Страна |
Российская Федерация |
| Организация |
NLR |
| Дата составления |
20101208 |
| Правила каталогизации |
RCR |
| 801 #1 - ИСТОЧНИК ЗАПИСИ |
| Страна |
Российская Федерация |
| Организация |
NLR |
| Дата составления |
20101208 |
| 942 ## - ДОПОЛНИТЕЛЬНЫЕ ЭЛЕМЕНТЫ ЗАПИСИ (АБИС) |
| Тип экземпляра АБИС |
Книга |
| 980 ## - КОЛЛЕКЦИЯ |
| Название коллекции |
Национальная библиография |